000 02282nam a22002537a 4500
999 _c63138
_d63138
003 Ge_BSU
005 20250611112318.0
008 250611s2025 ge ||||| |||| 00| 0 geo d
020 _a9789941522048
041 _ageo
080 _a811.353.1 : 821.353.1 ფ-97
100 _aფუტკარაძე, ტარიელ
_9128
245 _aბევრი რამ ერთად :
_b(სტატიები, წერილები, ესეები...) = Lots of Things Together : (Articles, Letters, Essays...) /
_cტარიელ ფუტკარაძე; რედაქტორები: იამზე ვაშაკიძე, ნათია ფუტკარაძე, რატი ფუტკარაძე; მხატვარი ილია ჭრელაშვილი; ტარიელ ფუტკარაძის ქართველოლოგიური საერთაშორისო ცენტრი.
264 _aთბილისი :
_bგრიფონი,
_c2025.
300 _a834 გვ. :
_bფოტ. ;
_c29 სმ.
500 _aგარეკანზე ავტორის გვარის ქვეშ მისივე ხელწერით წითელი ფანქრით აღნიშნულია ავტორის შვილიშვილის ანი ფუტკარაძის სახელი და გვარი. თავფურცელზე ავტორი მითითებული არ არის.
653 _aტარიელ ფუტკარაძის სტატიები
700 _aვაშაკიძე, იამზე
_eრედაქტორი წინასიტყვაობის ავტორი
_925365
700 _aფუტკარაძე, ნათია
_eრედაქტორი
_913328
700 _aფუტკარაძე, რატი
_eავტორი
_925366
700 _aჭრელაშვილი, ილია
_eმხატვარი
_925367
710 _aტარიელ ფუტკარაძის ქართველოლოგიური საერთაშორისო ცენტრი.
_925368
942 _2udc
_cᲬᲘᲒᲜᲘ